Statystyki dla Kanały na PL YT z największą liczbą wyświetleń

Kliknij tutaj aby rozwiązać quiz!

Ogólne statystyki

  • Ten quiz został rozwiązany 47 razy
    (18 od ostatniego zresetowania)
  • Średni wynik to 2 z 10

Statystyki odpowiedzi

#Odpowiedźviews% Poprawnych
3SBM Label3,3 mld
76%
2Step Records3,8 mld
59%
5Bazzyland2,6 mld
41%
6QueQuality2,5 mld
29%
10ProstoTV1,9 mld
18%
7Vito Minecraft2,3 mld
6%
8Disco Polo Lajf2,0 mld
0%
9Śpiewające Brzdące1,9 mld
0%
1TVN74,1 mld
0%
4tvnpl2,7 mld
0%

Rozkład punktacji

Percentyl według liczby udzielonych odpowiedzi

Procent ludzi z każdym wynikiem

Twoja historia wyników

Nie rozwiązałeś tego quizu od ostatniego zresetowania